000 01165nam a2200289 4500
001 0000021615
003 CO-CtgCURN
005 20250429224001.0
007 ta
008 160627s2001 000 0 eng d
020 _a9587010736
040 _aCO-CtgCURN
_bspa
_ccoctgcurn
082 0 _a352.283
_bT78d
100 1 _aMuñoz Trujillo, Augusto.
245 1 0 _aDescentralizacion regionalizacion y autonomia local /
_cAugusto Trujillo Muñoz.
260 _aBogotá :
_bUniversidad Nacional de Colombia,
_c2001.
300 _a323 p.
336 _2rdacontent
337 _2rdamedia
_asin mediacion
_bn
338 _2rdacarrier
_avolumen
_bnc
500 _aIncluye indice.
505 8 _aDel pensamiento antiguo a la modernidad.--El estado - Nacion.--El ordenamiento territorial en Colombia.--El regimen departamental.--Regimen politico del municipio.--Regimen fiscal del municipio.--El municipio y la planeacion.--La democracia local y el ambito de lo publico
650 1 4 _aDescentralizacion administrativa
_zColombia.
908 _a160627
942 _cBK
_h352.283
_iT78d
_2ddc
999 _c34340
_d34340